Determinig Precancerous Sate Based on Lifestyle and Environment / (Record no. 84258)
[ view plain ]
| 000 -LEADER | |
|---|---|
| fixed length control field | 01006nam a2200253 a 4500 |
| 001 - CONTROL NUMBER | |
| RUCL Control Number | 84258 |
| 003 - CONTROL NUMBER IDENTIFIER | |
| rucl marc code | BD-RjUL |
| 005 - DATE AND TIME OF LATEST TRANSACTION | |
| control field | 20241106182744.0 |
| 008 - FIXED-LENGTH DATA ELEMENTS--GENERAL INFORMATION | |
| fixed length control field | 241106s2021 bg a|||| m||| 00| 0 eng d |
| 035 ## - SYSTEM CONTROL NUMBER | |
| system control number | (BD-RjUL)84258 |
| 040 ## - CATALOGING SOURCE | |
| Original cataloging agency | BD-RjUL |
| Language of cataloging | eng |
| Transcribing agency | BD-RjUL |
| Modifying agency | BD-RjUL |
| 041 ## - LANGUAGE CODE | |
| Language code of Book | eng |
| 082 ## - DEWEY DECIMAL CLASSIFICATION NUMBER | |
| DDC Edition number | 23 |
| Classification number | 333.7 |
| Author mark and Year | ROD 2021 |
| 100 ## - MAIN ENTRY--PERSONAL NAME | |
| Personal name | Roy, Dhiman |
| 9 (RLIN) | 14158 |
| 245 ## - TITLE STATEMENT | |
| Title | Determinig Precancerous Sate Based on Lifestyle and Environment / |
| Statement of responsibility, etc | By Dhiman Roy ; |
| Name of Supervisor/Co-Supervisor | Principal Supervisor : Md. Golam Mostafa, Co-Supervisor : A M. Saleh Reza |
| 260 ## - PUBLICATION, DISTRIBUTION, ETC. (IMPRINT) | |
| Place of publication, distribution, etc | Rajshahi : |
| Name of publisher, distributor, etc | Institute of Environmental Sciences, University of Rajshahi, |
| Date of publication, distribution, etc | 2021 |
| 300 ## - PHYSICAL DESCRIPTION | |
| Pagination | vii, 123 Leaves : |
| Other physical details | ill, ; |
| Dimensions | 29 cm. |
| 502 ## - DISSERTATION NOTE | |
| Dissertation note | Thesis (Ph. D.) -- Institute of Environmental Sciences, University of Rajshahi, 2021 |
| 504 ## - BIBLIOGRAPHY, ETC. NOTE | |
| Bibliography, etc | References : Leaves 84-116 |
| 650 ## - SUBJECT ADDED ENTRY--TOPICAL TERM | |
| Topical term or geographic name as entry element | Determinig Precancerous |
| Form subdivision | Environment |
| 9 (RLIN) | 14159 |
| 700 ## - ADDED ENTRY--SUPERVISOR/CO-SUPERVISOR NAME | |
| Personal name | Mostafa, Md. Golam, Principal Supervisor |
| Personal name | Reza, A M Saleh, Co-Supervisor |
| 9 (RLIN) | 14160 |
| 942 ## - ADDED ENTRY ELEMENTS (KOHA) | |
| Source of classification or shelving scheme | Dewey Decimal Classification |
| Koha item type | Theses |
| Source of classification or shelving scheme | Damaged status | Not for loan | Collection code | Permanent Location | Current Location | Shelving location | Date of accession | Source of acquisition | Total Checkouts | Full call number | Barcode | Date last seen | Copy number | Thesis |
|---|---|---|---|---|---|---|---|---|---|---|---|---|---|---|
| Dewey Decimal Classification | Not For Loan | Theses | Central Library, University of Rajshahi | Central Library, University of Rajshahi | Documentation Section | 04/11/2024 | Controller of Exam. R.U. | THE 333.7 ROD 2021 | D4959 | 06/11/2024 | C-I | Theses |